000 00553nam a2200217 a 4500
001 0001-2011
003 ELIB.Books
008 190611 2010 eng
020 _aKBTS
092 _a248
100 _aSwindoll, Charles R.
245 _aThe Gentle Art of a Servant's Heart
260 _aMinneapolis
_bCountryman Book
_c1998
300 _a100
_c14 Cm
650 _aChristian Life
856 _nKBTS Library
_uKBTS Elib
942 _2ddc
_cBK
990 _a1
998 _aEnglishbooks.elf
_ccat
_e2019-06-11
999 _c12011
_d12011